Der Discount. (Record no. 23619)

MARC details
000 -LEADER
fixed length control field 00723cam a22002291 4500
001 - CONTROL NUMBER
control field g 01000998
003 - CONTROL NUMBER IDENTIFIER
control field DLC
005 - DATE AND TIME OF LATEST TRANSACTION
control field 20260227111253.0
008 - FIXED-LENGTH DATA ELEMENTS--GENERAL INFORMATION
fixed length control field 791210s1899 gw a 000 0 ger
010 ## - LIBRARY OF CONGRESS CONTROL NUMBER
LC control number g 01000998
035 ## - SYSTEM CONTROL NUMBER
System control number (OCoLC)5779989
040 ## - CATALOGING SOURCE
Original cataloging agency DLC
Transcribing agency KU
Modifying agency DLC
042 ## - AUTHENTICATION CODE
Authentication code premarc
050 00 - LIBRARY OF CONGRESS CALL NUMBER
Classification number HG1651
Item number .M5
100 1# - MAIN ENTRY--PERSONAL NAME
Personal name Maync, Reginald,
Dates associated with a name 1875-
245 14 - TITLE STATEMENT
Title Der Discount.
Statement of responsibility, etc. Von Dr. Reginald Maync.
260 ## - PUBLICATION, DISTRIBUTION, ETC.
Place of publication, distribution, etc. Jena,
Name of publisher, distributor, etc. G. Fischer,
Date of publication, distribution, etc. 1899.
300 ## - PHYSICAL DESCRIPTION
Extent xi, 132 p.
Other physical details fold. diagrs.
Dimensions 24 cm.
490 0# - SERIES STATEMENT
Series statement Sammlung nationalökonomischer und statistischer Abhandlungen des Staatswissenschaftliche Seminars zu Halle a. d. S., 24. Bd.
504 ## - BIBLIOGRAPHY, ETC. NOTE
Bibliography, etc. note "Literaturnachweis": p. 130-132.
650 #0 - SUBJECT ADDED ENTRY--TOPICAL TERM
Topical term or geographic name entry element Discount.

No items available.

Powered by Koha